000 00806nam a22002417a 4500
001 3508
003 FISKH
005 20240314103107.0
008 240314b cb ||||| |||| 00| 0 eng d
040 _aFISK
_beng
_cFISK
_dFISK
050 _aPZ7.C458
082 _a823
100 _aChristopher Matt
_d1917-1997
245 _aThe hockey machine /
_cThe Hockey Machine
260 _aCanada :
_bLittle, Brown & Company,
_c1986
300 _a137 pages :
_c19 cm
505 _aM
520 _aAbducted by a "fan" and forced to become a member of a professional junior hockey team, thirteen-year-old star center, Steve Crandall quickly realizes that he must play not only to win but to survive.
521 8 _a790
_bLexile
700 _aMatt Christopher
942 _2ddc
_cBK
_n0
999 _c3508
_d3508